Temblor del árbol / (Registro nro. 7926)

Detalles MARC
000 -LIDER
fixed length control field 00908nam a2200277 a 4500
001 - NÚMERO DE CONTROL
Identificador de número de control 000041056
003 - IDENTIFICACDOR DE NÚMERO DE CONTROL
control field DO-SdBNP
005 - DATE AND TIME OF LATEST TRANSACTION
control field 20240902125912.0
007 - CAMPOS FIJOS DE DESCRIPCIÓN FÍSICA
fixed length control field 000041056
008 - ELEMENTOS DE LONGITUD FIJA
fixed length control field 130916s2007 sp a 000 p spa d
020 ## - ISBN
International Standard Book Number 9788447709793
040 ## - FUENTE DE CATALOGACIÓN
Agencia que crea de manera original el registro BPMSU
Idioma de catalogación spa
Agencia que realiza la transcripción BPMSU
082 #4 - NÚMERO DE CLASIFICACIÓN DECIMAL DE DEWEY
Classification number RD861.44
Item number O77t 2007
Edition number 22
100 1# - ASIENTO PRINCIPAL -- NOMBRE PERSONAL
Nombre personal Ortiz de Machuca, Teresa
245 10 - MENCIÓN DE TITULO
Título Temblor del árbol /
Mención de responsabilidad Teresa Ortiz de Machuca; prólogo de Ángeles Cardona.
260 ## - PUBLICACIÓN, DISTRIBUCIÓN, ETC. (PIE DE IMPRENTA)
Lugar de publicación, distribución, etc Barcelona :
Nombre del editor, distribuidor, etc. Promociones y Publicaciones Universitarias,
Fecha de publicación, distribución, etc 2007.
300 ## - DESCRIPCIÓN FÍSICA
Extensión 120 p. :
Otros detalles físicos il. ;
Dimensiones 21 cm.
490 0# - MENCIÓN DE SERIES
Mención de serie Poesía hispánica
500 ## - NOTA GENERAL
Nota general Incluye datos biográficos del autor en la solapa de la contracubierta.
590 ## - NOTA LOCAL
Texto de la nota local Inventariado, 2024/VM
650 #4 - ENCABEZAMIENTO DE MATERIA--TEMÁTICO
Término temático o nombre geográfico como elemento de entrada Poesía dominicana
650 #4 - ENCABEZAMIENTO DE MATERIA--TEMÁTICO
Término temático o nombre geográfico como elemento de entrada Literatura dominicana
700 1# - ASIENTO SECUNDARIO -- NOMBRE PERSONAL
Nombre personal Cardona, Ángeles,
Mención de responsabilidad prólogo
910 ## - VALIDACIÓN
Validación VMateo V. Control de calidad. BPMSU
942 ## - ADDED ENTRY ELEMENTS (KOHA)
Source of classification or shelving scheme Dewey Decimal Classification
Koha item type Libros
Existencias
Withdrawn status Lost status Source of classification or shelving scheme Damaged status Not for loan Collection code Home library Current library Date acquired Source of acquisition Total Checkouts Full call number Barcode Date last seen Price effective from Koha item type
    Dewey Decimal Classification     Colección General Biblioteca Pública Metropolitana Salomé Ureña Biblioteca Pública Metropolitana Salomé Ureña 06/22/2015   BPMSU CD RD861.44 O77t 2007 BPMSU15060120 06/22/2015 06/22/2015 Libros